MARC

Tag First Indicator Second Indicator Subfields
LEADER 00000cam a22000001i 4500
001 in00004350091
006 m |o d |
007 cr |n|||||||||
008 200614t20192018nyuabf o 000 0 eng d
005 20250816222902.0
020 |a 9780525557302 (electronic bk.) 
020 |a 052555730X (electronic bk.) 
020 |z 9780143132509 
020 |z 0143132504 
020 |z 0718194497 
020 |z 9780718194499 
024 8 |a 99985995070 
035 |a (NhCcYBP)ebc6053244 
040 |a NhCcYBP  |c NhCcYBP  |d UtOrBLW 
043 |a a-pk---  |a a-af---  |a n-us--- 
050 4 |a DS371.412  |b .C64 2019 
082 0 4 |a 958.104/7373  |2 23 
100 1 |a Coll, Steve,  |e author.  |0 http://id.loc.gov/authorities/names/n85269589 
245 1 0 |a Directorate S :  |b the C.I.A. and America's secret wars in Afghanistan and Pakistan /  |c Steve Coll. 
264 1 |a New York :  |b Penguin Books,  |c 2019. 
264 4 |c ©2018 
300 |a 1 online resource. 
336 |a text  |b txt  |2 rdacontent 
337 |a computer  |b c  |2 rdamedia 
338 |a online resource  |b cr  |2 rdacarrier 
504 |a Includes bibliographical references (pages 729-736) and index. 
505 0 |a Part one. Blind into battle, September 2001-December 2001 -- "Something has happened to Khalid" -- Judgment day -- Friends like these -- Risk management -- Catastrophic success -- Part two. Losing the peace, 2002-2006 -- Small change -- Taliban for Karzai -- The enigma -- "His rules were different than our rules" -- Mr. Big -- Ambassador vs. Ambassador -- Digging a hole in the ocean -- Radicals -- Part three. The best intentions, 2006-2009 -- Suicide detectives -- Plan Afghanistan -- Murder and the deep state -- Hard data -- Tough love -- Terror and the deep state -- The new big dogs -- Losing Karzai -- A war to give people a chance -- Part four. The end of illusion, 2010-2014 -- The one-man C.I.A. -- The conflict resolution cell -- Kayani 2.0 -- Lives and limbs -- Kayani 3.0 -- Hostages -- Dragon's breath -- Martyrs Day -- Fight and talk -- The Afghan hand -- Homicide Division -- Self-inflicted wounds -- Coups d'état -- Epilogue: Victim impact statements. 
588 |a Description based on print version record. 
500 |a Electronic resource. 
610 1 0 |a United States.  |b Central Intelligence Agency.  |0 http://id.loc.gov/authorities/names/n79099301 
610 1 0 |a Pakistan.  |b Inter Services Intelligence.  |0 http://id.loc.gov/authorities/names/no00089932 
610 2 0 |a Taliban.  |0 http://id.loc.gov/authorities/names/no98126907 
610 2 0 |a Qaida (Organization)  |0 http://id.loc.gov/authorities/names/n2001058020 
650 0 |a Afghan War, 2001-  |0 http://id.loc.gov/authorities/subjects/sh2004004460 
650 0 |a Military intelligence  |z United States.  |0 http://id.loc.gov/authorities/subjects/sh88006556 
650 0 |a Military intelligence  |z Pakistan  |z Pāṭa. 
651 0 |a United States  |x Military relations  |z Pakistan  |z Pāṭa. 
651 0 |a Pakistan  |x Military relations  |z United States. 
655 7 |a Electronic books.  |2 local 
710 2 |a ProQuest (Firm)  |0 http://id.loc.gov/authorities/names/n2007068018 
776 1 8 |c Original  |z 9780143132509  |z 0143132504  |z 0718194497  |z 9780718194499  |w (DLC) 2018419325 
856 4 0 |u https://ebookcentral.proquest.com/lib/tamucs/detail.action?docID=6053244  |z Connect to the full text of this electronic book  |t 0 
945 |b 703948 
955 |a YBP purchased firm e-records 
980 |b 68.00  |g 2 
987 |a ybp15110468 
999 f f |s fc64f0d3-bbac-36d7-a54d-c168da54125b  |i 564bfa69-5be2-39ca-937f-bf05b869b2b4  |t 0 
952 f f |a Texas A&M University  |b College Station  |c Electronic Resources  |d Available Online  |t 0  |e DS371.412 .C64 2019  |h Library of Congress classification 
998 f f |a DS371.412 .C64 2019  |t 0  |l Available Online